Statistics for Bands by Lead Singer #2

Click here to take the quiz!

General Stats

  • This quiz has been taken 61 times
  • The average score is 7 of 10

Answer Stats

HintAnswer% Correct
John LennonThe Beatles
100%
Phil CollinsGenesis
88%
Jim MorrisonThe Doors
88%
Roger DaltreyThe Who
86%
Eric ClaptonCream
84%
Annie LennoxEurythmics
75%
Davy JonesThe Monkees
64%
Ian GillanDeep Purple
50%
Peter CeteraChicago
45%
Philip Parris LynottThin Lizzy
38%

Score Distribution

Percentile by Number Answered

Percent of People with Each Score

Your Score History

You have not taken this quiz